书目信息 |
| 题名: |
LED驱动电源设计100例
|
|
| 作者: | 周志敏 , 纪爱华 编著 | |
| 分册: | ||
| 出版信息: | 北京 中国电力出版社 2009.11 |
|
| 页数: | 241页 | |
| 开本: | 26cm | |
| 丛书名: | ||
| 单 册: | ||
| 中图分类: | TN383.02 | |
| 科图分类: | ||
| 主题词: | 发光二极管--Fa Guang Er Ji Guan--电源电路--电路设计 | |
| 电子资源: | ||
| ISBN: | 978-7-5198-1813-5 | |
| 000 | 00794nam0 2200265 45 | |
| 001 | 012001001768 | |
| 005 | 20191122092110.03 | |
| 010 | @a978-7-5198-1813-5@dCNY59.00 | |
| 099 | @aCAL 012018135985 | |
| 100 | @a20180903d2018 em y0chiy50 ea | |
| 101 | 0 | @achi |
| 102 | @aCN@b110000 | |
| 105 | @aak a 000yy | |
| 106 | @ar | |
| 200 | 1 | @aLED驱动电源设计100例@ALed Qu Dong Dian Yuan She Ji 100 Li@f周志敏, 纪爱华编著 |
| 205 | @a第2版 | |
| 210 | @a北京@c中国电力出版社@d2009.11 | |
| 215 | @a241页@c图@d26cm | |
| 320 | @a有书目 (第241页) | |
| 606 | 0 | @a发光二极管@AFa Guang Er Ji Guan@x电源电路@x电路设计 |
| 690 | @aTN383.02@v5 | |
| 701 | 0 | @a周志敏@AZhou Zhimin@4编著 |
| 701 | 0 | @a纪爱华@AJi Aihua@4编著 |
| 801 | 0 | @aCN@b北京卓展@c20191020 |
| 905 | @b1198950-2@dTN383.02@e20=2@f3 | |
| LED驱动电源设计100例/周志敏, 纪爱华编著.-第2版.-北京:中国电力出版社,2009.11 |
| 241页:图;26cm |
| ISBN 978-7-5198-1813-5:CNY59.00 |
| ● |
| 相关链接 |
|
|
|
|
正题名:LED驱动电源设计100例
索取号:TN383.02/20=2
 
预约/预借
| 序号 | 登录号 | 条形码 | 馆藏地/架位号 | 状态 | 备注 |
| 1 | 1198950 | 211989507 | 第二样本阅览室/ [索取号:TN383.02/20=2] | 在馆 | |
| 2 | 1198951 | 211989516 | 第三借阅区/ [索取号:TN383.02/20=2] | 在馆 | |
| 3 | 1198952 | 211989525 | 第三借阅区/ [索取号:TN383.02/20=2] | 在馆 |